Villes d'Indre-et-Loire de plus de 10 000 habitants - Statistiques

Statistiques générales
  • Ce quiz a été pris 115 fois
  • Le résultat moyen est 7 sur 10
Statistiques - réponses
Ville Population % Correct
Tours 138 486
100%
Joué-lès-Tours 38 528
86%
Saint-Pierre-des-Corps 16 005
78%
Chambray-lès-Tours 11 834
74%
Saint-Cyr-sur-Loire 17 571
64%
Amboise 12 861
61%
Saint-Avertin 15 045
60%
La Riche 10 294
56%
Fondettes 10 870
42%
Montlouis-sur-Loire 11 282
39%
Aucun quiz correspondant
Distribution des résultats
% des personnes avec chaque résultat
Percentile par nombre de réponses
Votre historique - résultats
Vous n’avez pas pris ce quiz